000
00311nam a2200133Ia 4500
008
240624s9999 xx 000 0 und d
041
_a
eng
082
_a
823 HAS
100
_a
HASAN ANJUM
245
_a
DIFFICULT PLEASURES
260
_c
2012
_a
New Delhi
_b
Penguin India
300
_a
256 : p.
365
_c
RS
_b
25
999
_c
19341
_d
19341